Relief-Kassette mit Wappen

Titel: Relief-Kassette mit Wappen / Ivan Havlice
Verfasser:
In: Faszination Stadt, (2019), Seite 381
alle Artikel anzeigen
Veröffentlicht: 2019
Umfang: 1 Illustration
Format: Aufsatz
Sprache: Deutsch
Schlagworte:
Kein Bild verfügbar
X
alg: 47852047
001A    $03025:27-04-21 
001B    $01999:10-05-21 $t09:12:32.000 
001D    $03025:27-04-21 
001U    $0utf8 
001X    $00 
002@    $0Aou 
002C    $aText $btxt $2rdacontent 
002D    $aohne Hilfsmittel zu benutzen $bn $2rdamedia 
002E    $aBand $bnc $2rdacarrier 
003@    $0478520476 
007A    $0478520476 $aHEB 
010@    $ager 
010E    $erda 
011@    $a2019 
021A    $aRelief-Kassette mit Wappen $hIvan Havlice 
028A    $BVerfasser $4aut $8Havlice, Ivan [Tnu] $9478520212 
031A    $h381 $j2019 
034M    $a1 Illustration 
039B    $aEnthalten in $8--Aau--. Faszination Stadt. - Dresden : Sandstein Verlag, [2019]. - 807 Seiten. - Illustrationen, Karten. - ISBN 978-3-95498-453-4 $x201900000000000619 $9450579158 
044K    $RKassa $#Kaschau Košice $#Koshice $#Cassovia Košice $71028389-4 $8Košice [Tg1] $9042044669 
044K    $RWappen $RGemeindewappen $#Villes Armoiries $#Städtewappen $74116590-1 $8Stadtwappen [Ts1] $908535645X 
044K    $RWappen $74113514-3 $8Familienwappen [Ts1] $9085335754 
045F    $a709.437309024 $eDDC23BSB 
045F/01 $a709 
045F/03 $f09024 
045F/03 $g4373 
045F/03 $g439 
045R    $aGeschichte 1461 
045R/01 $aGeschichte 1360-1461 

lok: 47852047 78

exp: 47852047 78 1 #EPN
201B/01 $027-04-21 $t16:18:29.000 
201C/01 $027-04-21 
201U/01 $0utf8 
203@/01 $01150583282 
208@/01 $a27-04-21 $be 
209A/01 $a/ $f000 $x00 
209A/01 $ab*p $x01 
209A/01 $aDie Kassette hat das Stadtwappen von Kaschau sowie die Wappen der Familien Heidenreichsturn (Hédervára) und Zudar als Motiv $x03 
220C/01 $apgar 
244Z/01 $#Slowakei $#Slowakei $#Slowakische Republik $#Oberungarn $#Slovensko $#Slovenská Republika $#Slovenská SR $#SSR $#Slovakia $#Slovaquie $#Slovak Republic $#République Slovaque $#Slovenská Socialistická Republika $#Slowakische Sozialistische Republik $#Slovak Socialist Republic $#République Socialiste Slovaque $74055297-4 $8--Tg1--Slowakei $x01 $9085153834 
244Z/01 $#Ungarn $#Ungarn $#Ungarische Räterepublik $#Königreich Ungarn $#Die @Länder der ungarischen Krone $#Transleithanien $#Magyarország $#Magyar Köztársaság $#Magyar Tanácsköztársaság $#Government of the Hungarian Republic $#Zemalja Ugarske Krune $#VNR $#Ungern $#Ungarische Republik $#Republik Ungarn $#Ungarische Volksrepublik $#Volksrepublik Ungarn $#Magyar Népköztársaság $#Hungary $#Hungarian Republic $#Hongrie $#Vengerskaja Narodnaja Respublika $#Hungarian People's Republic $#HPR Hungarian People's Republic $#République Populaire Hongroise $#Ungarische VR $#Republic of Hungary $#Vengrija $74078541-5 $8--Tgz--Ungarn $x02 $9085222712 
247C/01 $82080>Marburg/Lahn, Herder-Institut, Forschungsbibliothek, Bibliographieportal $9336309341
LEADER 00000caa a2200000 c 4500
001 478520476
003 DE-603
005 20210510091232.0
007 tu
008 210427s2019 xx |||| | u00||u|ger c
035 |a (DE-599)HEB478520476 
040 |a DE-603  |b ger  |c DE-603  |d DE-603  |e rda 
041 |a ger 
082 0 4 |8 1\u  |a 709.437309024  |q DE-101  |2 23/BSB 
085 |8 1\u  |b 709 
085 |8 1\u  |z 1  |s 09024 
085 |8 1\u  |z 2  |s 4373 
085 |8 1\u  |z 2  |s 439 
100 1 |a Havlice, Ivan  |e Verfasser  |4 aut  |0 (DE-603)478520212 
245 0 0 |a Relief-Kassette mit Wappen  |c Ivan Havlice 
264 0 |c 2019 
300 |b 1 Illustration 
336 |a Text  |b txt  |2 rdacontent 
337 |a ohne Hilfsmittel zu benutzen  |b n  |2 rdamedia 
338 |a Band  |b nc  |2 rdacarrier 
648 7 |a Geschichte 1461  |2 gnd 
648 7 |a Geschichte 1360-1461  |2 gnd 
650 7 |a Stadtwappen  |0 (DE-588)4116590-1  |0 (DE-603)08535645X  |2 gnd 
650 7 |a Familienwappen  |0 (DE-588)4113514-3  |0 (DE-603)085335754  |2 gnd 
651 7 |a Košice  |0 (DE-588)1028389-4  |0 (DE-603)042044669  |2 gnd 
773 0 8 |i Enthalten in  |t Faszination Stadt  |d Dresden : Sandstein Verlag, [2019]  |h 807 Seiten, Illustrationen, Karten  |z 9783954984534  |z 3954984539  |g (2019), Seite 381  |w (DE-603)450579158 
924 0 |9 2080  |a (DE-603)1150583282  |b DE-2080  |c HES  |d d  |g /